000 00265nam a2200109Ia 4500
008 220204s9999 xx 000 0 und d
082 _a82-34(470)
_bALM
100 _aAlmedingen, E M
245 0 _aRussian fairy tales
260 _aBombay
_bSomaiya
_c1969
942 _cBK
999 _c31104
_d31104